Normal view
MARC view
Entry Nombre personal
001 - NÚMERO DE CONTROL
- campo de control: 171453
003 - IDENTIFICADOR DE NÚMERO DE CONTROL
- campo de control: OSt
005 - FECHA Y HORA DE LA ÚLTIMA TRANSACCIÓN
- campo de control: 20250905163235.0
008 - ELEMENTOS DE DATO DE LONGITUD-FIJA
- campo de control de longitud fija: 210425 n adnnnaa|n a aaa d
040 ## - FUENTE DE CATALOGACIÓN
- Centro catalogador/agencia de origen: OSt
- Centro/agencia transcriptor: OSt
100 0# - ENCABEZAMIENTO-NOMBRE DE PERSONA
- Nombre de persona: Gregoria Francisca de Santa Teresa
- Títulos y otros términos asociados al nombre: (O.C.D.),
- Fechas asociadas al nombre: 1653-1736
400 1# - TRAZADO DE VÉASE--NOMBRE DE PERSONA
- Nombre de persona: Parra y Queynoghe, Gregoria Francisca (
- Fechas asociadas al nombre: 1653-1736)
